| 000 | 00836nam a2200181 a 4500 | ||
|---|---|---|---|
| 008 | 120416s0000 ||||||||||||||||| || u | ||
| 020 | _a8120312465 | ||
| 050 | _aTK 5102.5 Opp | ||
| 100 | _aNawab, Hamid S | ||
| 245 | 1 | 0 | _aSignals and systems |
| 250 | _a2nd ed. | ||
| 260 |
_aNew Delhi _bFT Prentice-Hall _c1997 |
||
| 350 | _a0.00 | ||
| 700 | _aOppenheim, Allan V | ||
| 995 |
_aBINDERY (DAMAGED) _D0.00 _e732057 _FCBU-MAIN LIBRARY (Kitwe) _H2 _I37.00 _jTK 5102.5 Opp _M2 _UDAMAGED _y44395 _ZMain Library Open Access Collection |
||
| 995 |
_aBINDERY (DAMAGED) _D0.00 _e732055 _FCBU-MAIN LIBRARY (Kitwe) _H1 _I37.00 _jTK 5102.5 Opp _M1 _UDAMAGED _y44390 _ZMain Library Open Access Collection |
||
| 995 |
_aMAIN LIBRARY OPEN ACCESS _D0.00 _e732056 _FCBU-MAIN LIBRARY (Kitwe) _H3 _I37.00 _jTK 5102.5 Opp _M3 _UAVAILABLE _y44391 _ZMain Library Open Access Collection |
||
| 999 |
_c80455 _d80455 |
||